| 000 | 00860nam a2200205 a 4500 | ||
|---|---|---|---|
| 003 | AM-YeHGA | ||
| 005 | 20250617164802.0 | ||
| 008 | 240301s2024 riua||||||||||||||0|arm|d | ||
| 040 | _aAM-YeHGA | ||
| 041 | 0 | _aarm | |
| 100 | 1 | _aԳըլպըյըգեան-Շմաւոնեան, Եղիսաբէթ | |
| 245 | 1 | 0 |
_aԱրիւնոտ ճանապարհ / _cԵղիսաբէթ Գըլպըյըգեան-Շմաւոնեան. |
| 260 |
_aՓորթսմութ : _bԱ․ հ․, _c2024․ |
||
| 300 |
_a35 էջ ; _bնկ․ |
||
| 500 | _aԳրքի թվային տարբերակը գրադարանին տրամադրել է Վաչե Ղազարյանը։ | ||
| 650 | 1 | 4 |
_aՀայոց ցեղասպանություն (1915-1923) _xՀուշեր |
| 856 | 4 | 1 |
_uhttps://arar.sci.am/dlibra/publication/400221/edition/370347/content _yԿարդալ առցանց |
| 942 |
_2udc _cBK |
||
| 090 | _c567898 | ||
| 999 |
_c529463 _d529463 |
||